Normal view
MARC view
- الضغط النفسي-الصحة النفسية-سيكولوجية الشخصية-المشكلات النفسية
Entry Topical Term
001 - CONTROL NUMBER
- control field: 30959
003 - CONTROL NUMBER IDENTIFIER
- control field: JO-AjAnu
005 - DATE AND TIME OF LATEST TRANSACTION
- control field: 20230606075222.0
008 - FIXED-LENGTH DATA ELEMENTS
- fixed length control field: 230606|| aca||aabn | a|a d
040 ## - CATALOGING SOURCE
- Original cataloging agency: JO-AjAnu
- Transcribing agency: JO-AjAnu
150 ## - HEADING--TOPICAL TERM
- Topical term or geographic name entry element: الضغط النفسي-الصحة النفسية-سيكولوجية الشخصية-المشكلات النفسية
670 ## - SOURCE DATA FOUND
- Source citation: Work cat.: (JO-AjAnu)15898: عبيد،ماجدة بهاء الدين السيد, author 30958, الضغط النفسي ومشكلاته وأثره على الصحة النفسية